000 00992nam a2200205Ia 4500
003 Ost
005 20260507075658.0
008 260507s9999||||xx |||||||||||||| ||und||
040 _cfsecg
041 _aara
100 _aالعديلي، ناصر محمد
_eمؤلف
245 0 _aادارة السلوك التنظيمي /
_c ناصر محمد العديلي
260 _aالرياض:
_bدار مرامر,
_c2001
300 _a366 صفحة؛
_c24 سم
520 _aالسلوك الأنساني ،الدوافع والحوافز والرضا الوظيفي ، ضغوط العمل ،المديرون وضغوط العمل ،القيادة الإدارية ،سلوك الجماعة إدارة النزاع في منظمات العمل ،بناء فريق العمل ،تقويم الأداء،إعداد وإتخاذ القرار ات ،التطوير التنظيمي .
653 _aادارة
653 _aإدارة وتنظيم
653 _aالسلوك
942 _cكتاب
999 _c45756
_d45756